| 000 | 00630cam a22002291 4500 | ||
|---|---|---|---|
| 001 | med47001792 | ||
| 003 | DLC | ||
| 005 | 20260227111603.0 | ||
| 008 | 760830s1946 xx 000 0 eng | ||
| 010 | _amed47001792 | ||
| 035 | _a(OCoLC)2403986 | ||
| 040 |
_aDLC _cOTU _dDLC |
||
| 042 | _apremarc | ||
| 050 | 0 | 0 |
_aRC813 _b.P35 |
| 082 | _a616.39 | ||
| 100 | 1 |
_aPelner, Louis, _d1907- |
|
| 245 | 1 | 4 |
_aThe management of obesity; _ba handbook for the general practitioner ... |
| 260 |
_aNew York, _bPersonal diet service, _c1946. |
||
| 300 |
_a144 p. _billus., port. _c23 cm. |
||
| 650 | 0 | _aObesity. | |
| 650 | 0 | _aDiet in disease. | |
| 999 |
_c38408 _d38408 |
||